00841nam a2200181 i 4500001000300000100002000003245007700023260002100100490022500121700001900346700002100365830010400386040000800490041000800498080001400506008004100520856009800561bg1 aBANAŚ, Bogdan 0aPlastyczność i dekohezja cynku /cB. Banaś, S. Pilcer, A. Pszonka. aWrocław,c1974.1 aPrace Naukowe Instytutu Materiałoznawstwa i Mechaniki Technicznej Politechniki Wrocławskiej =aScientific Papers of the Institute of Materials Science and Applied Mechanics of the Technical University of Wrocław ;v221 aPILCER, Stefan1 aPSZONKA, Andrzej 0aPrace Naukowe Instytutu Materiałoznawstwa i Mechaniki Technicznej Politechniki Wrocławskiej ;v22 cBPK apol a669:620.1 s pl f |000 0 pol  uhttp://koha.tu.koszalin.pl/cgi-bin/koha/opac-detail.pl?biblionumber=26440yKatalog online BPK